01761nam a22002057a 4500003000400000005001700004008004100021020001500062040001000077100003800087245004700125260003900172300001100211500017600222520094000398650006301338942001501401999001301416952012601429OSt20231215085938.0231211s2002 ag ||||| |||| 00| f spa d a950072278X cbesoc1 aAllende, Isabel,d(1942-),eautor13aLa ciudad de las bestias /cIsabel Allende aBueno Aires :bSudamericana,c2002 a304 p. aLa ciudad de las bestias es el primer tomo de la trilogía para jóvenes adultos de Isabel Allende (que incluye El reino del dragón de oro y El bosque de los pigmeos). aAlexander Cold es un muchacho americano de quince años que parte al Amazonas con su abuela Kate, periodista especializada en viajes. La expedición se interna en la selva en busca de una extraña bestia gigantesca. Junto a su compañera de viaje, Nadia Santos, y un centenario chamán indígena, Alex conocerá un mundo sorprendente y juntos vivirán una gran aventura. El universo ya conocido de Isabel Allende se amplía en La Ciudad de las bestias con nuevos elementos de realismo mágico, aventura y naturaleza. Los jóvenes protagonistas, Nadia y Alexander, se internan en la inexplorada selva amazónica llevando de la mano al lector en un viaje sin pausa por un territorio misterioso donde se borran los límites entre la realidad y el sueño, donde hombres y dioses se confunden, donde los espíritus andan de la mano con los vivos. Una aventura fantástica para lectores de todas las edades. [Nota del editor] 4aLiteratura chilenavNovelaySiglo XXIxColección juvenil 2udccOGn0 c153d153 00102udc40708CGaESOCIALESbESOCIALESd2023-12-15l0o82-312.9(83) AL432p000942r2023-12-15 00:00:00w2023-12-15yOG